000 00493nam a2200157 a 4500
001 000031489
005 20200930062951.0
008 110627s1937 dr a 000 0 spa d
040 _aDO-SdBNP
_bspa
_cBNPHU
082 _axxxx
_bR427r
100 1 _aRequena, Andrés Fco.,
_d1922-
_957875
245 1 0 _aRomancero heroico del generalísimo /
_cAndrés Fco. Requena.
260 _aCuidad Trujillo, República Dominicana :
_bLa opinión,
_c1937.
300 _a140 p. :
_bil. ;
_c19 cm.
049 _aBNPD
999 _c30981
_d30981